Polskie kluby z Ekstraklasy, I ligi oraz II ligi - Statystyki

Ogólne statystyki
  • Ten quiz został rozwiązany 173 razy
  • Średni wynik to 32 z 54
Statystyki odpowiedzi
Hint Odpowiedź % Poprawnych
Ekstraklasa Lech Poznań
97%
Ekstraklasa Raków Częstochowa
96%
Ekstraklasa Legia Warszawa
94%
I liga Wisła Kraków
88%
Ekstraklasa Zagłębie Lubin
87%
Ekstraklasa Cracovia
86%
Ekstraklasa Motor Lublin
85%
Ekstraklasa Jagiellonia Białystok
84%
Ekstraklasa Lechia Gdańsk
84%
Ekstraklasa Pogoń Szczecin
83%
Ekstraklasa Śląsk Wrocław
81%
I liga Arka Gdynia
80%
Ekstraklasa GKS Katowice
80%
Ekstraklasa Górnik Zabrze
80%
Ekstraklasa Widzew Łódź
78%
Ekstraklasa Puszcza Niepołomice
77%
I liga Ruch Chorzów
76%
I liga ŁKS Łódź
75%
Ekstraklasa Radomiak Radom
75%
Ekstraklasa Korona Kielce
74%
Ekstraklasa Piast Gliwice
71%
Ekstraklasa Stal Mielec
70%
I liga Polonia Warszawa
67%
I liga Stal Rzeszów
67%
I liga Wisła Płock
65%
II liga Zagłębie Sosnowiec
65%
I liga Warta Poznań
59%
I liga GKS Tychy
57%
I liga Miedź Legnica
57%
I liga Górnik Łęczna
52%
I liga Kotwica Kołobrzeg
52%
I liga Stal Stalowa Wola
52%
II liga Wieczysta Kraków
52%
I liga Odra Opole
50%
II liga Polonia Bytom
50%
I liga Pogoń Siedlce
49%
II liga Resovia
49%
I liga Bruk-Bet Termalica Nieciecza
47%
I liga Chrobry Głogów
44%
II liga Podbeskidzie Bielsko-Biała
43%
II liga Hutnik Kraków
39%
II liga Pogoń Grodzisk Mazowiecki
39%
I liga Znicz Pruszków
38%
II liga Olimpia Elbląg
35%
II liga KKS Kalisz
34%
II liga Rekord Bielsko-Biała
30%
II liga Chojniczanka Chojnice
29%
II liga GKS Jastrzębie
25%
II liga Świt Szczecin
25%
II liga Wisła Puławy
24%
II liga Olimpia Grudziądz
23%
II liga Skra Częstochowa
20%
II liga Zagłębie II Lubin
10%
II liga ŁKS II Łódź
8%
Nie znaleziono quizów pasujących do podanych kryteriów
Rozkład punktacji
Procent ludzi z każdym wynikiem
Percentyl według liczby udzielonych odpowiedzi
Twoja historia wyników
Nie rozwiązałeś tego quizu